| 000 | 00521nam a22001937a 4500 | ||
|---|---|---|---|
| 003 | KOHA_MİRAKIL | ||
| 005 | 20251224135539.0 | ||
| 008 | 251224b tu ||||| |||| 00| 0 tur d | ||
| 020 | _a9786055888190 | ||
| 040 |
_aTR-AnABB _btur _cTR-AnABB |
||
| 041 | _atur | ||
| 082 |
_a930.1 _bOZD 2023 |
||
| 100 | 1 | _aÖzdoğan, Mehmet, | |
| 245 | 1 | 0 |
_a50 soruda arkeoloji / _cMehmet Özdoğan |
| 260 |
_aİstanbul : _b7 Renk Basım, _c2023 |
||
| 300 |
_a240 sayfa ; _c20 cm |
||
| 650 | 0 | 4 | _aArkeoloji |
| 942 |
_2ddc _cBK |
||
| 999 |
_c9921 _d9921 |
||
| 900 | _bGizem YORULMAZ | ||